The New amsterday Collection United States Stamps Auction July 10, 2019 (Record no. 3005)
[ view plain ]
| 000 -LEADER | |
|---|---|
| fixed length control field | 00324nam a22000977a 4500 |
| 008 - FIXED-LENGTH DATA ELEMENTS--GENERAL INFORMATION | |
| fixed length control field | 191111b ||||| |||| 00| 0 eng d |
| 100 ## - MAIN ENTRY--AUTHOR'S NAME | |
| Author's Name | Cherrystone Auction Galaries |
| 245 ## - TITLE STATEMENT | |
| Title | The New amsterday Collection United States Stamps Auction July 10, 2019 |
| 260 ## - PUBLICATION, DISTRIBUTION, ETC. (IMPRINT) | |
| Name of publisher, distributor, etc. | Cherrystone Auction Galaries |
| Date of publication, distribution, etc. | 2019 |
| 650 ## - TOPICAL TERM (Tag) | |
| Topical term or geographic name | U Classic Issues |
| Withdrawn status | Lost status | Source of classification or shelving scheme | Damaged status | Koha normalized classification for sorting | Not for loan | Permanent Location | Current Location | Shelving location | Date acquired | Total Checkouts | Full call number | Barcode | Date last seen | Copy number | Price effective from | Koha item type |
|---|---|---|---|---|---|---|---|---|---|---|---|---|---|---|---|---|
| G3701 C614 C5239 | Northern Philatelic Library | Northern Philatelic Library | General Stacks | 11/11/2019 | G3701 C614 C5239 | 1005418 | 11/11/2019 | 1 | 11/11/2019 | Auction Catalogs | ||||||
| G3701 C614 C5239 | Northern Philatelic Library | Northern Philatelic Library | General Stacks | 05/23/2022 | G3701 C614 C5239 | 1005852 | 05/23/2022 | 2 | 05/23/2022 | Auction Catalogs |